Managing innovation and entrepreneurship

Guardat en:
Dades bibliogràfiques
Autor principal: HISRICH, Robert D. Kearney, Claudine
Format: Llibre
Idioma:anglès
Publicat: SAGE 2014
Etiquetes: Afegir etiqueta
Sense etiquetes, Sigues el primer a etiquetar aquest registre!

MARC

LEADER 00000nam a22000007a 4500
008 230110b |||||||| |||| 00| 0 eng d
020 |a 9781452241357 
100 |a HISRICH, Robert D.  |a Kearney, Claudine 
245 |a Managing innovation and entrepreneurship  |c Robert D. Hisrich, Claudine Kearney  |g xv,207p;ill 
260 |b SAGE  |c 2014  |h Thousand Oaks, California  |i 699763  |l HB615.H62  |m Entrepreneurship  |m Technological innovations-Management  |m Entrepreneurship- Case studies  |m Technological innovations-Management- Case Studies 
500 |a it includes references and index 
942 |a lcc  |c BK  |e Johnson  |f 10/01/23 
952 |0 0  |1 0  |2 lcc  |4 0  |6 HB0615 H62  |7 0  |9 4113  |a HOL  |b HOL  |c GJ  |d 2023-01-10  |l 0  |o HB615.H62  |p 2023-0044  |r 2023-01-10 00:00:00  |t 699763  |w 2023-01-10  |y BK 
999 |c 2062  |d 2062